000 00439nam a2200169Ia 4500
005 20240823010850.0
008 240823s9999||||xx |||||||||||||| ||und||
082 _A658.15 P1
100 _a"Cartwright,Roger [et al}"
245 4 _aThe Handbook for managing Resourcec and Information
250 _a1st
260 _c2001
_b"Infinity,U K"
500 _aYES
650 _aManagement
_bManagement Studies
942 _cBK
999 _c159874
_d159874